| 000 | 00301 a2200085 4500 | ||
|---|---|---|---|
| 245 | 0 | 0 |
_aMikrofony powszechnego użytku - Ogólne wymagania i badania PN-81/T-86050 / _cMin. Przem. Maszynowego. |
| 246 | 1 | 3 | _aPN-81/T-86050 |
| 260 |
_aWarszawa : _bMin. Przem. Maszynowego, _c1981. |
||
| 300 |
_a8 stron ; _c30 cm. |
||
| 650 | _aPolska norma | ||
| 999 |
_c19914 _d19914 |
||